| 000 | 01481nam0a2200337 4500 | ||
|---|---|---|---|
| 001 | RU\NLR\bibl\494112 | ||
| 005 | 20260408194529.0 | ||
| 010 |
_a5-94725-027-6 _9100 |
||
| 021 |
_aRU _b2004-49699 _92445 |
||
| 035 | _a(NLR Aleph) 000486759 | ||
| 090 |
_a1088124 _c1088124 |
||
| 100 | _a20040225d2003 u y0rusy50 ca | ||
| 101 | 0 | _arus | |
| 102 | _aRU | ||
| 105 | _aa ||||||||| | ||
| 200 | 1 |
_aЛечение рака, других злокачественных новообразований и многих хронических заболеваний новым растительным препаратом "Цикутин" _fВ.В. Яковлев |
|
| 210 |
_aТюмень _cАкадемия _d2003 |
||
| 215 |
_a74 с. _cил. _d19 |
||
| 320 | _aБиблиогр.: с. 73-74 26 назв.) | ||
| 606 | 0 |
_aКониин _xЛечебное применение _92320209 _3RU\NLR\auth\661388106 |
|
| 606 | 0 |
_aЗлокачественные опухоли _xТерапия кониином _92320211 _3RU\NLR\auth\661388107 |
|
| 606 |
_aРак (онкол.) _xТерапия кониином _3RU\NLR\auth\661366344 _92280502 |
||
| 686 | _aР281.711.11-6 | ||
| 686 | _aР562.1-52 | ||
| 686 | _aР562.4-52 | ||
| 700 | 1 |
_4070 _8rus _7ca _aЯковлев _bВ. В. _cврач-онколог _gВениамин Всеволодович _3RU\NLR\auth\7751263 _934197 |
|
| 801 | 0 |
_aRU _bNLR _c20040225 _gPSBO |
|
| 801 | 1 |
_aRU _bNLR _c20040225 |
|
| 942 | _cBOOK | ||
| 980 | _aNB | ||